Gaming Quiz

Random Gaming or Popular Quiz

Pokémon with Popular Three Letter Combos Quiz Stats

 Plays Quiz not verified by Sporcle

Challenge
Share
Tweet
Embed
Score 0/82 Timer 14:00
0 Plays Today
% Correct
Pikachu
97.1%
Pikachu
97.1%
Jigglypuff
88.6%
Jigglypuff
88.6%
Wigglytuff
82.9%
Charmander
82.9%
Charizard
82.9%
Charizard
82.9%
Charizard
82.9%
Wigglytuff
82.9%
Igglybuff
80%
Squirtle
80%
Squirtle
80%
Igglybuff
80%
Raichu
77.1%
Charmeleon
77.1%
Pichu
68.6%
Bulbasaur
65.7%
Ivysaur
65.7%
Venusaur
65.7%
Quilava
62.9%
Wartortle
62.9%
Lucario
54.3%
Lucario
54.3%
Lucario
54.3%
Nincada
51.4%
Jumpluff
48.6%
Chansey
48.6%
% Correct
Cyndaquil
48.6%
Grotle
42.9%
Riolu
42.9%
Ninetales
42.9%
Ninjask
42.9%
Chimchar
40%
Chatot
40%
Tauros
40%
Quilladin
40%
Dodrio
40%
Slurpuff
34.3%
Carvanha
34.3%
Arcanine
34.3%
Amaura
31.4%
Magcargo
31.4%
Carracosta
31.4%
Ariados
31.4%
Dugtrio
31.4%
Aurorus
28.6%
Hariyama
28.6%
Sliggoo
28.6%
Greninja
28.6%
Bouffalant
25.7%
Machamp
25.7%
Tranquill
25.7%
Carnivine
25.7%
Carbink
25.7%
Marill
25.7%
% Correct
Rufflet
22.9%
Hitmonchan
22.9%
Pancham
22.9%
Hawlucha
22.9%
Gardevoir
22.9%
Pawniard
22.9%
Zygarde
22.9%
Crustle
22.9%
Azumarill
22.9%
Medicham
20%
Magikarp
20%
Zebstrika
20%
Rhyperior
20%
Rampardos
17.1%
Altaria
17.1%
Diggersby
17.1%
Chandelure
14.3%
Liepard
14.3%
Litleo
14.3%
Serperior
14.3%
Wobbuffet
11.4%
Volcarona
11.4%
Girafarig
11.4%
Smoochum
11.4%
Stantler
8.6%
Ursaring
5.7%

You're not logged in!

Compare scores with friends on all Sporcle quizzes.
OR
Log In

You Might Also Like...

Show Comments

Extras

Top Quizzes Today


Score Distribution

Your Account Isn't Verified!

In order to create a playlist on Sporcle, you need to verify the email address you used during registration. Go to your Sporcle Settings to finish the process.

Report this User

Report this user for behavior that violates our Community Guidelines.

Details: